000
002480000a22000970004500
100
1
_a
Neira, Armando
245
1
0
_a
La maravillosa resurrección de los cóndores
300
_a
Vol. 9, Núm 9 (1993), Páginas 22-28
773
0
_t
Cambio 16
942
_c
ANA
999
_c
58520
_d
58520